Cities with Train Ferries on a Map - Statistics

General Stats
  • This quiz has been taken 151 times
  • The average score is 9 of 44
Answers on the Map
Answers color-coded by a green-red scale on the quiz's map according to % correct below.
 
Answer Stats
Answer % Correct
Seattle
85%
Van
81%
New York
79%
Delta
78%
Wellington
58%
Baku
55%
Odesa
54%
Port Bell
46%
Messina
36%
Port of Mobile
31%
Dalian
29%
Varna
29%
Jersey City
28%
Rostock
27%
Batumi
22%
Haikou
18%
Port Krym
18%
Reggio Calabria
16%
Samsun
16%
Aktau
12%
Yantai
11%
Mwanza
10%
Picton
10%
Trelleborg
9%
Nanaimo
8%
Kisumu
7%
Poti
7%
Whittier
7%
Baie-Comeau
6%
Puno
6%
Tekirdağ
6%
Türkmenbaşy
6%
Chornomorsk
5%
Baltiysk
4%
Kholmsk
4%
Matane
4%
Zhanjiang
4%
Port Kavkaz
3%
Tatvan
3%
Ust-Luga
3%
Guaqui
2%
Coatzocoalcos
1%
Derince
1%
Vanino
1%
No matching quizzes found
Score Distribution
Percent of People with Each Score
Percentile by Number Answered
Your Score History
You have not taken this quiz